UM Logo

Professional C# and .Net / (Record no. 16681)

MARC details
000 -LEADER
fixed length control field 00794nam a22002655i 4500
001 - CONTROL NUMBER
control field 22053832
005 - DATE AND TIME OF LATEST TRANSACTION
control field 20220304165642.0
008 - FIXED-LENGTH DATA ELEMENTS--GENERAL INFORMATION
fixed length control field 210525s2021 inu 000 0 eng
010 ## - LIBRARY OF CONGRESS CONTROL NUMBER
LC control number 2021939983
020 ## - INTERNATIONAL STANDARD BOOK NUMBER
International Standard Book Number 9781119797203
020 ## - INTERNATIONAL STANDARD BOOK NUMBER
Canceled/invalid ISBN 9781119797227
020 ## - INTERNATIONAL STANDARD BOOK NUMBER
Canceled/invalid ISBN 9781119797210
040 ## - CATALOGING SOURCE
Original cataloging agency DLC
Language of cataloging eng
Description conventions rda
Transcribing agency DLC
042 ## - AUTHENTICATION CODE
Authentication code pcc
082 ## - DEWEY DECIMAL CLASSIFICATION NUMBER
Edition number 2022
Classification number DC 005.133
Item number N131
100 1# - MAIN ENTRY--PERSONAL NAME
Personal name Nagel, Christian,
Relator term author.
9 (RLIN) 44553
245 10 - TITLE STATEMENT
Title Professional C# and .Net /
Statement of responsibility, etc. Christian Nagel.
260 ## - PUBLICATION, DISTRIBUTION, ETC. (IMPRINT)
Place of publication, distribution, etc. Hoboken, New Jersey :
Name of publisher, distributor, etc. John Wiley & Sons, Inc., ;
Date of publication, distribution, etc. ©2022.
263 ## - PROJECTED PUBLICATION DATE
Projected publication date 2110
300 ## - PHYSICAL DESCRIPTION
Extent xlvi, 962 pages :
Other physical details illustrations ;
Dimensions 23 cm.
650 ## - SUBJECT ADDED ENTRY--TOPICAL TERM
Topical term or geographic name as entry element Web sites
General subdivision Design.
9 (RLIN) 44554
906 ## - LOCAL DATA ELEMENT F, LDF (RLIN)
a 0
b ibc
c orignew
d 2
e epcn
f 20
g y-gencatlg
942 ## - ADDED ENTRY ELEMENTS (KOHA)
Source of classification or shelving scheme Dewey Decimal Classification
Koha item type Circulation

No items available.